| 000 | 00461nam a2200145 a 4500 | ||
|---|---|---|---|
| 008 | 120416s1974 xx |||||||||||||| || u | ||
| 050 | _aTJ 213 Mor | ||
| 100 | _aMorris, Noel Malcom | ||
| 245 | 1 | 0 | _aControl engineering |
| 250 | _a2nd ed. | ||
| 260 | _c1974 | ||
| 300 | _a: ill. | ||
| 350 | _a0.00 | ||
| 995 |
_D0.00 _FCBU-MAIN LIBRARY (Kitwe) _H1 _I0.00 _M2 _UDAMAGED _WJun 2, 2009 _ZMain Library Open Access Collection |
||
| 999 |
_c38714 _d38714 |
||